| 000 | 00781nam a2200193 i 4500 | ||
|---|---|---|---|
| 001 | 22457 | ||
| 003 | ES-MaACL | ||
| 005 | 20240127062958.0 | ||
| 007 | t| | ||
| 008 | 021203s1878 sp ||||1| cat d | ||
| 100 | 0 |
_aDante Alighieri, _d1265-1321 _942657 |
|
| 245 | 1 | 3 |
_aLa comedia / _cde Dant Allighieri ; traslatada de rims vulgars toscans en rims vulgars cathalans per N'Andreu Febrer (siglo XV) ; dala a la luz acompañada de ilustraciones crítico-literarias Cayetano Vidal y Valenciano. |
| 260 |
_aBarcelona : _bLibreria de Álvaro Verdaguer, _c1878 ( _fTip. de Jaime Jepús) |
||
| 300 |
_aXXII, 596 p. ; _c18 cm. |
||
| 700 | 1 |
_aFebrer, Andreu. _949041 |
|
| 700 | 1 |
_aVidal y Valenciano, Cayetano. _9114529 |
|
| 852 |
_aES-MaACL _jG-10319 |
||
| 999 |
_c22457 _d22457 |
||